Eastern Utah Libraries Catalog: Duchesne, Heber, Roosevelt, & Vernal

How to have a frightful Halloween / (Record no. 400971)

MARC details
000 -LEADER
fixed length control field 01415pam a2200373 i 4500
001 - CONTROL NUMBER
control field BK0030945686
003 - CONTROL NUMBER IDENTIFIER
control field DLC
005 - DATE AND TIME OF LATEST TRANSACTION
control field 20241004173142.0
008 - FIXED-LENGTH DATA ELEMENTS--GENERAL INFORMATION
fixed length control field 240708s2024 nyua b 000 1 eng
010 ## - LIBRARY OF CONGRESS CONTROL NUMBER
LC control number 2024024411
020 ## - INTERNATIONAL STANDARD BOOK NUMBER
International Standard Book Number 9780593886809
Qualifying information (hardcover)
040 ## - CATALOGING SOURCE
Original cataloging agency DLC
Language of cataloging eng
Description conventions rda
Transcribing agency DLC
Modifying agency IMmBT
042 ## - AUTHENTICATION CODE
Authentication code pcc
-- cyac
050 00 - LIBRARY OF CONGRESS CALL NUMBER
Classification number PZ7.B38821944
Item number Ho 2024
082 00 - DEWEY DECIMAL CLASSIFICATION NUMBER
Classification number [E]
Edition number 23
092 ## - LOCALLY ASSIGNED DEWEY CALL NUMBER (OCLC)
Classification number children holiday books
Item number Dahl
100 1# - MAIN ENTRY--PERSONAL NAME
Personal name Behling, Steve,
Relator term author.
9 (RLIN) 5873762
245 10 - TITLE STATEMENT
Title How to have a frightful Halloween /
Statement of responsibility, etc Roald Dahl ; illustrated by Quentin Blake, [text by] Steve Behling.
246 1# - VARYING FORM OF TITLE
Display text At head of title:
Title proper/short title Roald Dahl's.
264 #1 - Production, Publication, Distribution, Manufacture, and Copyright Notice.
Place of production, publication, distribution, manufacture New York :
Name of producer, publisher, distributor, manufacturer Grosset & Dunlap, an imprint of Penguin Random House LLC,
Date of production, publication, distribution, manufacture, or copyr 2024.
300 ## - PHYSICAL DESCRIPTION
Extent 1 volume (unpaged) :
Other physical details color illustrations ;
Dimensions 19 cm.
336 ## - Content Type
Content type term text
336 ## - Content Type
Content type term still image
337 ## - Media type
Media type term unmediated
338 ## - Carrier type
Carrier type term volume
520 ## - SUMMARY, ETC.
Summary, etc Prepare for Halloween by learning how to recognize the tricks and treats of witches, ghosts, and candymakers.
521 ## - TARGET AUDIENCE NOTE
Target audience note Ages 4-8.
Source Grosset & Dunlap, an imprint of Penguin Random House LLC.
650 #1 - SUBJECT ADDED ENTRY--TOPICAL TERM
Topical term or geographic name as entry element Halloween
Form subdivision Fiction.
9 (RLIN) 5684667
655 #7 - INDEX TERM--GENRE/FORM
Genre/form data or focus term Picture books.
Source of term lcgft
655 #7 - INDEX TERM--GENRE/FORM
Genre/form data or focus term Fiction.
Source of term lcgft
9 (RLIN) 5673940
700 1# - ADDED ENTRY--PERSONAL NAME
Personal name Dahl, Roald.
700 1# - ADDED ENTRY--PERSONAL NAME
Personal name Blake, Quentin,
Relator term illustrator.
9 (RLIN) 6278
942 ## - ADDED ENTRY ELEMENTS (KOHA)
Source of classification or shelving scheme Dewey Decimal Classification
Koha item type BOOK
Holdings
Withdrawn status Lost status Source of classification or shelving scheme Damaged status Not for loan Collection code Home library Current library Shelving location Date acquired Source of acquisition Total Checkouts Total Renewals Full call number Barcode Date last seen Date checked out Cost, replacement price Price effective from Koha item type
    Dewey Decimal Classification     Children Holiday Books Wasatch County Library Wasatch County Library Main Floor Childrens Area 10/04/2024 KidsReference 6 6 E Halloween Dahl 34301002132894 11/05/2025 10/27/2025 9.99 10/04/2024 BOOK
This project was made possible through a grant from the Institute of Museum and Library Service administered by the Utah State Library Division.

Wasatch County Library

  • 465 East 1200 South, Heber City, Utah 84032
  • Phone 435-654-1511 | Fax 435-654-6456

Hours

  • Monday - Friday 9:30 AM - 8:00 PM
  • Saturday 9:30 AM - 1:30 PM
  • Closed Sundays and Holidays